Персоналии ИстРоса #:1855-1881 - Statistics

General Stats
  • This quiz has been taken 5 times
    3 since last reset
  • The average score is 16 of 34
Answer Stats
Описание Имя, Фамилия % Correct
Военный министр Российской империи (1861–1881),В 1856–59 годах начальник штаба Отдельного Кавказского корпуса. Организатор множества военных реформ при Александре II. Дмитрий Милютин
100%
Один из главных разработчиков Крестьянской реформы 1861 года.Товарищ министра внутренних дел (1859–1861), член Госсовета. Николай Милютин
100%
Нигилист и революционер, вместе с другими радикально настроенными студентами составил «Программу революционных действий», ставившую
целью создание тайной революционной организации и планировавшую «социальную революцию» на весну 1870 года. В Женеве объявил себя представителем новой волны революционного движения, вошёл в доверие к Михаилу Бакунину и Николаю Огареву. Организатор "Народной расправы", автор «Катехизиса революционера». В 1873 году был осуждён пожизненно.
Сергей Нечаев
100%
Министр внутренних дел и генерал-губернатор Санкт-Петерубрга (1880-1881). Участник Кавказской и Крымской войн. В 1881 году представил царю доклад, в котором предлагал учредить временные подготовительные комиссии, куда должны были войти правительственные чиновники и выборные представители от земств и органов городского самоуправления. Проект получил название «Конституция "фамилия"» Михаил Лорис-Меликов
100%
Министр иностранных дел (1856-1882), с 1867 года последний канцлер Российской империи. Однокурсник А.С. Пушкина. Под его руководством заключены Айгунский договор 1858, Тяньцзиньский трактат 1858, Пекинский трактат 1860, Петербургский договор 1875 года с Японией. Автор знаменитой "ноты" Александр Горчаков
100%
Дипломат, был в составе российской делегации вПарижской мирной конференции 1856 года, заключил Пекинский трактат 1860, Сан-Стефанский мир 1878. Николай Игнатьев
100%
Русская революционерка, одна из руководителей«Народной воли», участвовала во «хождении в народ». Организатор последнего успешного покушения на Александра II. Повешена спустя месяц. Софья Перовская
100%
Деятельница социалистического движения, в 1878 году совершила покушение на жизнь петербургского градоначальника. Присяжные заседатели вынесли ей оправдательный приговор. Вера Засулич
100%
Великий князь, воспитанник адмирала Ф.П.Литке. Глава группировки либеральных бюрократов, иногда называвшейся по его имени. Принял активное участие в подготовке и проведении реформ Александра II. Константин Николаевич
67%
С 1857 года член Секретного комитета по крестьянскому делу и комиссии при нём для рассмотрения проектов крестьянской реформы. Глава Редакционных комиссий. Яков Ростовцев
67%
Теоретик утопического социализма, революционер. В 1862 году арестован. В камере Петропавловской крепости написал свой знаменитый роман «Что делать?». Идейный вдохновитель "Земли и воли" и "Народной воли". Редактор журнала "Современник" Николай Чернышевский
67%
Студент, террорист совершивший первое покушение на Александра II в 1866 году. Казнен в том же году. Дмитрий Каракозов
67%
Военачальник, участник Кокандского похода, отличился вРусско-турецкой войне (1877–1878). Известен под прозвищем "Ак-Паша". Внезапно умер в возрасте 38 лет в номере женщины легкого поведения. Михаил Скобелев
67%
Санкт-Петербургский градоначальник (1873-1878), на которого было совершено покушение в 1878 году. Федор Трепов
67%
Теоретик и последователь марксизма, руководитель "Черного передела", в 1883 году основал первую российскую марксистскую организацию, группу «Освобождение труда». Организатор РСДРП, газеты "Искра". В ПМВ был одним из руководителей меньшевистской группы «Единство». Георгий Плеханов
67%
Террорист, участник покушения на Александра II и подрыва Зимнего дворца в 1880 году. Степан Халтурин
67%
Министр внутренних дел (1861-1868), Министр государственных имуществ (1872-1879), Председатель Комитета министров (1879-1881). Подписал циркуляр названный в честь него, предписание, запрещавшее издание религиозной, научной и учебной литературы на украинском языке. Разработчик цензурной реформы 1865 года. Петр Валуев
33%
Революционер, один из руководителей студенческих волнений осени 1861 года. В 1862 году вступил в «Земля и воля», в ноябре избран членом ЦК, участвовал в создании тайных типографий. В эмиграции жил в Лондоне, где сблизился с А. И. Герценом и Н. П. Огарёвым, занимался доставкой их изданий в Россию. В 1867 году в Швейцарии Утин вступил в Первый интернационал, основал и возглавил его Русскую секцию, поддерживал тесные связи с Карлом Марксом. Николай Утин
33%
Вице-адмирал, руководитель экспедиции в Японию (1852–1855),заключил Симодский трактат. Евфимий Путятин
33%
Русский революционер, один из первых социалистов-утопистов.Основатель обществ «Организация» и «Ад». Организатор первого покушения на Александра II. Николай Ишутин
33%
Туркестанский генерал-губернатор, участник Крымской войны, участник Кокандского похода 1864 года. В 1865 году взял Ташкент. Михаил Черняев
33%
Министр внутренних дел и глава II отделния СЕИВК при Николае I. При Александре II известен началом разработки судебной реформы 1857 года. Дмитрий Блудов
33%
Министр финансов (1880-1881). В 1880 году отменил Соляной налог, в 1881 году повысил таможенные пошлины и положил начало выкупа в казну железных дорог. Александр Абаза
33%
Министр финансов (1862-1878), председатель Комитета министров (1881–1886). Член Редакционных комиссий, издал таможенный тариф 1868 года, инициатиатор проведения всероссийских промышленных выставок. Михаил Рейтерн
0%
Адвокат, участник подготовки крестьянской реформы 1861 года, лидер либерального крыла тверского дворянства. Предлагал наделить крестьян землей с полным освобождением от помещичьей власти, но с выплатой большого выкупа за землю. Алексей Унковский
0%
Крупный полтавский помещик, участник подготовки реформы 1861 года, представитель мнения помещиков черноземных областей. Предлагал дать за выкуп крестьянам лишь небольшие наделы, ставя целью поставить крестьян в экономическую зависимость от помещика и заставить их арендовать землю на невыгодных условиях или работать батраками. Михаил Позен
0%
Яркий представитель нигилизма, редактор журнала «Русское слово». Дмитрий Писарев
0%
Первый генерал-губернатор Туркестана (1867–1882).За годы его управления Туркестаном к Российской империи было присоединено Кокандское ханство, а над Хивинским ханством и Бухарским эмиратом был установлен российский протекторат. Константин Кауфман
0%
Российский террорист-смертник, член "Народной воли",1 марта 1881 года участвовал в убийстве царя, бросив бомбу, взорвавшую его вместе с царём. При взрыве получил тяжёлые ранения, из-за которых спустя 10 часов скончался. Игнатий Гриневицкий
0%
Военачальник, командующий болгарским ополчением в русско-турецкой войне 1877–1878 годов. Основатель Красноводска, в 1874 году возглавил экспедицию Императорского географического общества по исследованию старого русла реки Амударьи, во время которой была составлена первая карта Средней Азии. Николай Столетов
0%
Западник, один из основоположников российской школы конституционного права. Автор книги "Наука и религия", был на посту городского головы столицы (1882-1883), за что впоследствии Московская городская дума присвоила ему звание почётного гражданина Москвы Борис Чичерин
0%
Занимал высшие должности в министерстве юстиции (1858-1867). Участвовал в подготовке 1-го издания Свода законов, разработчик судебной реформы 1862 года. Дмитрий Замятнин
0%
Министр народного просвещения (1861-1866), Был сторонником европеизации России, перехода самодержавия в сторону конституционной монархии. Автор "Университетского устава" 1863 года. За «перегибы на местах» был отправлен в отставку. Александр Головнин
0%
Террорист, участник покушения на Александра II в Париже. Антон Березовский
0%
No matching quizzes found
Score Distribution
Percent of People with Each Score
Percentile by Number Answered
Your Score History
You have not taken this quiz since the last reset